| 000 | 00957cab a22002055a 4500 | ||
|---|---|---|---|
| 001 | L145479 | ||
| 008 | 081014e20081010xxkao f 000 0 eng d | ||
| 035 | _a(Sirsi) u145479 | ||
| 041 | 0 | _aeng | |
| 100 | 1 | _aDuxbury, Nick | |
| 245 | 0 | 0 |
_aRegional report _bHampshire, Dorset and Wiltshire |
| 260 | _c2008 | ||
| 490 | 0 |
_aProperty Week _v73(41) 10 October 2008, 79-91(7) |
|
| 520 | _aSuggests that the third phase of the West Quay retail scheme in Southampton may be one of the last schemes to escape the credit crunch. Reports on how an MoD drive to improve troop accommodation across Salisbury Plain is providing opportunities for developers. Considers a speculative office development scheme in Basingstoke. Discusses the campaign to gain approval for a giant Hampshire shed scheme. | ||
| 590 | _aKA | ||
| 651 | 4 | _aHampshire | |
| 651 | 4 |
_aSouth West (England) _y1994- |
|
| 690 | _aPROPERTY-COMMERCIAL PROPERTY-COMMERCIAL PROPERTY MARKET | ||
| 942 | _n0 | ||
| 999 |
_c80829 _d80829 |
||